Statistieken voor Grootste Landen aan de Indische Oceaan

Klik hier om de quiz te nemen!

Algemene statistieken

  • Deze quiz is 752 keer genomen
  • De gemiddelde score is 7 van 10

Antwoordstatistieken

km2Grenst via...Land% Correct
3.287.263Arabische Zee, Golf van Bengalen, ...India
99%
1.910.931directIndonesië
85%
2.149.690Rode Zee, Perzische GolfSaoedi-Arabië
84%
7.692.024directAustralië
77%
1.648.195Arabische Zee, Perzische GolfIran
77%
881.912Arabische ZeePakistan
76%
1.002.450Rode ZeeEgypte
66%
1.886.068Rode ZeeSoedan
48%
945.087directTanzania
45%
1.221.037directZuid-Afrika
43%

Scoreverdeling

Percentiel versus Aantal Correcte Antwoorden

Procent van Mensen met Elke Score

Uw Scoregeschiedenis

U heeft deze quiz nog niet genomen